000 00221nam a2200097Ia 4500
008 230508s1994 xx 000 0 und d
041 _aeng
100 _aNAGPAL G.R.
245 _aMACHINES TOOL ENGINEERING
260 _c1994
999 _c343246
_d343246